| 000 | 00818cab a2200277 4500 | ||
|---|---|---|---|
| 001 | ABS54674 | ||
| 008 | 090401t1996 xxu||||| |||| 00| 0 eng d | ||
| 035 | _a(Sirsi) u11685 | ||
| 041 | _aeng | ||
| 100 | _aPennicott, P. | ||
| 245 | _aDistress and forfeiture as the property manager`s options | ||
| 260 | _c1996 | ||
| 350 | _a0 | ||
| 490 |
_aRent Review & Lease Renewal _v16(1) 1996 7-12(4) |
||
| 520 | _aConsiders the use of distress and forfeiture for resolving non-payment of commercial property rent. | ||
| 650 | _aFORFEITURE | ||
| 650 | _aLAW OF DISTRESS | ||
| 650 | _aNON-PAYMENT | ||
| 650 | _aRENT ARREARS | ||
| 650 | _aRIGHT OF ENTRY | ||
| 650 | _aSEIZURE OF GOODS | ||
| 650 | _aWALKING POSSESSION AGREEMENT | ||
| 690 | _aCOMMERCIAL PROPERTY-MANAGEMENT | ||
| 942 | _n0 | ||
| 948 | _c04/03/1997 | ||
| 999 |
_c7459 _d7459 |
||